Normal view
MARC view
- Buchanan, Bert D
Entry Personal Name
001 - CONTROL NUMBER
- control field: 103818
003 - CONTROL NUMBER IDENTIFIER
- control field: NUST
005 - DATE AND TIME OF LATEST TRANSACTION
- control field: 20221130112450.0
008 - FIXED-LENGTH DATA ELEMENTS
- fixed length control field: 221130|| aca||aabn | a|a d
040 ## - CATALOGING SOURCE
- Original cataloging agency: NUST
- Transcribing agency: NUST
100 ## - HEADING--PERSONAL NAME
- Personal name: Buchanan, Bert D
670 ## - SOURCE DATA FOUND
- Source citation: Work cat.: (NUST)182220: Buchanan, James E. 75777, CMOS/TTL digital systems design /, c1990.
